000 00838nas a2200301 4500
001 BR0300638
003 BR-BrBNA
005 20231205103548.0
007 ta
008 230509b bl.|||p| |||| 00| 00por d
040 _aBR-BrBNA
_bpor
_cBiblioteca Nacional de Agricultura
041 _a(Pt)
072 _aL74; L70
100 1 _aDórea, H.C.
100 1 _aSelmi, A.L.
100 1 _aDaleck, C.R.
245 1 _aHerniorrafia perineal em cães - estudo retrospectivo de 55 casos
650 _aCÃO
650 _aHÉRNIA
650 _aVETERINÁRIA
650 _aDISTÚRBIO FISIOLÓGICO
650 _aCIRURGIA
650 _aMÚSCULO
650 _aMÉTODO
773 0 _tArs Veterinária (Brazil)
_xISSN 0102-6380
_g(Apr 2002), v. 18(1) p. 20-24
_wBR0300638
909 _a202311
_bLúcia
_c55
_dLúcia Elande
942 _2AGRIS
_n0
_cANA
999 _c173524
_d173524